| 000 | 00393nam a2200157Ia 4500 | ||
|---|---|---|---|
| 008 | 150509s9999 xx 000 0 und d | ||
| 082 | _a362 TOL | ||
| 100 | _aTolllerton, Tony | ||
| 245 | 4 | _aThe PMI tution service subject | |
| 260 | _aLondon: | ||
| 260 | _bThe chemeleon Press | ||
| 260 | _c1999 | ||
| 300 | _avii, 86p, ill,; 28cm | ||
| 500 | _aIncludes Index | ||
| 650 | _aSocial security | ||
| 999 |
_c5778 _d5778 |
||